| 000 | 00437nam a2200145Ia 4500 | ||
|---|---|---|---|
| 005 | 20260312125545.0 | ||
| 020 | _a978-81- 964209- 8- 7 | ||
| 050 | _aRT86. 7. J68 | ||
| 245 | _aJournal of Nursing Science and Practice | ||
| 250 | _aVol. ii, No. 1 | ||
| 260 |
_aNew Delhi _bA. P. H. Publication Corporation _c2025 |
||
| 300 | _avi, 184 p. ; ill. 24 cm. | ||
| 650 | _aNursing--Practice--Periodicals Nursing--Periodicals | ||
| 942 |
_cSR _2lcc |
||
| 999 |
_c37373 _d37373 |
||